Channel estimation of MIMO OFDM systems / (Record no. 183818)

000 -LEADER
fixed length control field 00459 a2200169 4500
003 - CONTROL NUMBER IDENTIFIER
control field NUST
005 - DATE AND TIME OF LATEST TRANSACTION
control field 20251031143242.0
040 ## - CATALOGING SOURCE
Transcribing agency Nust
082 ## - DEWEY DECIMAL CLASSIFICATION NUMBER
Classification number 621.382,ALi
100 ## - MAIN ENTRY--PERSONAL NAME
Personal name Ali, Mohammad (TE-41)
9 (RLIN) 131385
245 ## - TITLE STATEMENT
Title Channel estimation of MIMO OFDM systems /
Statement of responsibility, etc. Mohammad Ali, Rehan Elahi, Ali Saljuk, Shehryar Bukhari TE-41
260 ## - PUBLICATION, DISTRIBUTION, ETC.
Name of publisher, distributor, etc. MCS
Date of publication, distribution, etc. 2008
300 ## - PHYSICAL DESCRIPTION
Extent 72 p.;
650 ## - SUBJECT ADDED ENTRY--TOPICAL TERM
Topical term or geographic name entry element UG Projects
9 (RLIN) 98716
651 ## - SUBJECT ADDED ENTRY--GEOGRAPHIC NAME
Geographic name TE-41
9 (RLIN) 131386
942 ## - ADDED ENTRY ELEMENTS (KOHA)
Source of classification or shelving scheme
Koha item type Project Report
Holdings
Withdrawn status Lost status Source of classification or shelving scheme Damaged status Not for loan Permanent Location Current Location Shelving location Date acquired Full call number Barcode Date last seen Price effective from Koha item type
          Military College of Signals (MCS) Military College of Signals (MCS) Reference 12/12/2016 621.382,ALi MCSPTE-150 12/08/2016 12/12/2016 Project Report
© 2023 Central Library, National University of Sciences and Technology. All Rights Reserved.